<?xml version="1.0" encoding="UTF-8"?>
<record
    xmlns:xsi="http://www.w3.org/2001/XMLSchema-instance"
    xsi:schemaLocation="http://www.loc.gov/MARC21/slim http://www.loc.gov/standards/marcxml/schema/MARC21slim.xsd"
    xmlns="http://www.loc.gov/MARC21/slim">

  <leader>02747nam a2200205Ia 4500</leader>
  <controlfield tag="003">OSt</controlfield>
  <controlfield tag="005">20250630165230.0</controlfield>
  <controlfield tag="008">210210b1989   xxu||||| |||| 00| 0 eng d</controlfield>
  <datafield tag="040" ind1=" " ind2=" ">
    <subfield code="c">AL</subfield>
  </datafield>
  <datafield tag="041" ind1=" " ind2=" ">
    <subfield code="a">Kannada</subfield>
  </datafield>
  <datafield tag="082" ind1=" " ind2=" ">
    <subfield code="a">K894.1 JAVJ</subfield>
  </datafield>
  <datafield tag="100" ind1=" " ind2=" ">
    <subfield code="a">JAVAREGAUDA (De) &amp; others, Ed. </subfield>
    <subfield code="d">&#xC9C;&#xCB5;&#xCB0;&#xCC7;&#xC97;&#xCCC;&#xCA1; (&#xCA1;&#xCBF;) &#xCAE;&#xCA4;&#xCCD;&#xCA4;&#xCC1; &#xC87;&#xCA4;&#xCB0;&#xCB0;&#xCC1;</subfield>
    <subfield code="9">216647</subfield>
  </datafield>
  <datafield tag="245" ind1=" " ind2=" ">
    <subfield code="a">Janapriya Kanaka samputa</subfield>
    <subfield code="b">&#xC9C;&#xCA8;&#xCAA;&#xCCD;&#xCB0;&#xCBF;&#xCAF; &#xC95;&#xCA8;&#xC95; &#xCB8;&#xC82;&#xCAA;&#xCC1;&#xC9F; </subfield>
  </datafield>
  <datafield tag="260" ind1=" " ind2=" ">
    <subfield code="a">Bengaluru</subfield>
    <subfield code="b">Kannada mattu Samskrati Nirdeshanalaya</subfield>
    <subfield code="c">1989</subfield>
  </datafield>
  <datafield tag="300" ind1=" " ind2=" ">
    <subfield code="a">176,xxiv</subfield>
  </datafield>
  <datafield tag="520" ind1=" " ind2=" ">
    <subfield code="a">&#xCB5;&#xCB0;&#xC95;&#xCB5;&#xCBF;&#xC97;&#xCB3;&#xCC2;, &#xC95;&#xCC0;&#xCB0;&#xCCD;&#xCA4;&#xCA8;&#xC95;&#xCBE;&#xCB0;&#xCB0;&#xCC2;, &#xCB8;&#xC82;&#xCA4;&#xCB0;&#xCC2; &#xC8E;&#xCA8;&#xCBF;&#xCB8;&#xCBF;&#xC95;&#xCCA;&#xC82;&#xCA1; &#xC95;&#xCA8;&#xC95;&#xCA6;&#xCBE;&#xCB8;&#xCB0;&#xCC1; 
&#xC95;&#xCB0;&#xCCD;&#xCA8;&#xCBE;&#xC9F;&#xC95; &#xCB9;&#xCB0;&#xCBF;&#xCA6;&#xCBE;&#xCB8; &#xCB8;&#xCBE;&#xCB9;&#xCBF;&#xCA4;&#xCCD;&#xCAF;&#xCA6; &#xC85;&#xCB6;&#xCCD;&#xCB5;&#xCBF;&#xCA8;&#xCC0;&#xC9C;&#xCC0;&#xCB5;&#xCA4;&#xCC6;&#xC97;&#xCB3;&#xCB2;&#xCCD;&#xCB2;&#xCCA; &#xCAC;&#xCCD;&#xCAC;&#xCB0;&#xCC1;. &#xCA6;&#xCBE;&#xCB8; &#xCB8;&#xCBE;&#xCB9;&#xCBF;&#xCA4;&#xCCD;&#xCAF;&#xCA6; 
&#xCB8;&#xCC1;&#xCB5;&#xCB0;&#xCCD;&#xCA3;&#xCAF;&#xCC1;&#xC97;&#xCA6; &#xCAA;&#xCCD;&#xCB0;&#xCB5;&#xCB0;&#xCCD;&#xCA4;&#xC95;&#xCB0;&#xCB2;&#xCCD;&#xCB2;&#xCCA;&#xCAC;&#xCCD;&#xCAC;&#xCB0;&#xCBE;&#xC97;&#xCBF;, &#xCAF;&#xCBE;&#xCB5; &#xCAE;&#xCA4;&#xCB5;&#xCA8;&#xCCD;&#xCA8;&#xCC2; &#xCAC;&#xCBF;&#xCA1;&#xCA6;&#xCC6;, 
&#xCAF;&#xCBE;&#xCB5; &#xCAE;&#xCA4;&#xC95;&#xCCD;&#xC95;&#xCC2; &#xC85;&#xC82;&#xC9F;&#xCBF;&#xC95;&#xCCA;&#xCB3;&#xCCD;&#xCB3;&#xCA6;&#xCC6;, &#xCB8;&#xC95;&#xCB2; &#xCA4;&#xCA4;&#xCCD;&#xCB5;&#xC97;&#xCB3;&#xCA8;&#xCCD;&#xCA8;&#xCC2; &#xCAE;&#xCBE;&#xCB0;&#xCBF;, &#xCA8;&#xCBF;&#xCB0;&#xCCD;&#xCA6;&#xCBF;&#xC97;&#xC82;&#xCA4;&#xCB5;&#xCBE;&#xC97;&#xCBF; 
&#x201C;&#xCAC;&#xCC6;&#xCB3;&#xCC6;&#xCA6;&#xCC1;, &#xCB5;&#xCBF;&#xCB6;&#xCCD;&#xCB5;&#xCAE;&#xCBE;&#xCA8;&#xCB5;&#xCB0;&#xCBE;&#xC97;&#xCBF; &#xCB5;&#xCBF;&#xC9C;&#xCC3;&#xC82;&#xCAD;&#xCBF;&#xCB8;&#xCBF;&#xCA6; &#xCAF;&#xCCB;&#xC97; &#xCAA;&#xCC1;&#xCB0;&#xCC1;&#xCB7;&#xCB0;&#xCB5;&#xCB0;&#xCC1;. &#xCA6;&#xCB2;&#xCBF;&#xCA4; 
&#xCB5;&#xCB0;&#xCCD;&#xC97;&#xC95;&#xCCD;&#xC95;&#xCC6; &#xCA6;&#xCBE;&#xC96;&#xCB2;&#xCC6;&#xC97;&#xCCA;&#xCB3;&#xCCD;&#xCB3; &#xCAC;&#xCB9;&#xCC1;&#xCA6;&#xCBE;&#xCA6; &#xC95;&#xCC1;&#xCB0;&#xCC1;&#xCAC;&#xCB0; &#xC9C;&#xCBE;&#xCA4;&#xCBF;&#xCAF;&#xCB2;&#xCCD;&#xCB2;&#xCBF; &#xCB9;&#xCC1;&#xC9F;&#xCCD;&#xC9F;&#xCA6;&#xCB5;&#xCB0;&#xCBE;&#xCA6;&#xCB0;&#xCC2;, 
'&#xCA7;&#xCB0;&#xCCD;&#xCAE;&#xC95;&#xCB0;&#xCCD;&#xCAE; &#xCB8;&#xC82;&#xCAF;&#xCCB;&#xC97;&#xCA6;&#xCBF;&#xC82;&#xC9C;&#xCBF;&#xC82;&#xCAC;&#xC82;&#xCA4;&#xCC6; &#xCA8;&#xCBE;&#xCAF;&#xC95;&#xCA4;&#xCA8;&#xCA6; &#xCAA;&#xC9F;&#xCCD;&#xC9F;&#xCB5;&#xCA3;&#xCC6;&#xCAF;&#xCA8;&#xCCD;&#xCA8;&#xCC7;&#xCB0;&#xCBF;, 
&#xC85;&#xCB0;&#xCBF;&#xC97;&#xCB3;&#xCCA;&#xCA1;&#xCA8;&#xCC6; &#xCB9;&#xCCB;&#xCB0;&#xCBE;&#xCA1;&#xCBF;, &#xCB6;&#xCCC;&#xCB0;&#xCCD;&#xCAF; &#xCAA;&#xCCD;&#xCB0;&#xCA4;&#xCBE;&#xCAA; &#xCB8;&#xCBE;&#xCB9;&#xCB8;&#xC97;&#xCB3;&#xCA8;&#xCCD;&#xCA8;&#xCC1; &#xCAE;&#xCC6;&#xCB0;&#xCC6;&#xCA6; &#xCB5;&#xCC0;&#xCB0;&#xCBE;&#xC97;&#xCCD;&#xCB0;&#xCA3;&#xCBF; 
&#xCAF;&#xCB5;&#xCB0;&#xCC1; ; &#xC95;&#xCCA;&#xCA8;&#xCC6;&#xC97;&#xCC6; &#xC95;&#xCC1;&#xC9F;&#xCC1;&#xC82;&#xCAC;&#xCA6;&#xCB2;&#xCCD;&#xCB2;&#xCCA;&#xCA6;&#xC97;&#xCBF;&#xCA6; &#xCB5;&#xCBF;&#xCB0;&#xCBE;&#xCB6;&#xCC6;&#xCAF;&#xCCB;, &#xCA6;&#xCC1;&#xCB0;&#xC82;&#xCA4;&#xCA8;&#xCCB;, &#xCAF;&#xCC1;&#xCA6;&#xCCD;&#xCA7; 
&#xCA6;&#xCB2;&#xCCD;&#xCB2;&#xCBF; &#xC95;&#xCA3;&#xCCD;&#xCA3;&#xCBE;&#xCB0;&#xCC6; &#xC95;&#xC82;&#xCA1; &#xCB9;&#xCC3;&#xCA6;&#xCAF;&#xCB5;&#xCBF;&#xCA6;&#xCCD;&#xCB0;&#xCBE;&#xCB5;&#xC95;&#xCB5;&#xCBE;&#xCA6; &#xCB8;&#xCBE;&#xCB5;&#xCC1;&#xCA8;&#xCCB;&#xCB5;&#xCCB;, &#xC97;&#xCC1;&#xCB0;&#xCC1;&#xC97;&#xCB3; 
&#xC95;&#xCB0;&#xCC6;&#xCAF;&#xCCB;, &#xCB5;&#xCBF;&#xCB6;&#xCCD;&#xCB5;&#xCB6;&#xC95;&#xCCD;&#xCA4;&#xCBF;&#xCAF; &#xCAA;&#xCCD;&#xCB0;&#xCC7;&#xCB0;&#xCA3;&#xCC6;&#xCAF;&#xCCB; &#xC95;&#xCBE;&#xCB0;&#xCA3;&#xCB5;&#xCBE;&#xC97;&#xCBF;, &#xCA6;&#xCCA;&#xCB0;&#xCC6;&#xCA4;&#xCA8;&#xCB5;&#xCA8;&#xCCD;&#xCA8;&#xCC1; &#xCA4;&#xCCA;&#xCB0;&#xCC6;&#xCA6;&#xCC1;, 
&#xCB8;&#xC82;&#xCB8;&#xCBE;&#xCB0;&#xCB5;&#xCA8;&#xCCD;&#xCA8;&#xCC1; &#xCA4;&#xCCD;&#xCAF;&#xC9C;&#xCBF;&#xCB8;&#xCBF;, &#xC97;&#xCC1;&#xCB0;&#xCC1;&#xCB8;&#xCC7;&#xCB5;&#xCC6;&#xCAF;&#xCB2;&#xCCD;&#xCB2;&#xCBF; &#xC95;&#xCC3;&#xCA4;&#xC95;&#xCC3;&#xCA4;&#xCCD;&#xCAF;&#xCB0;&#xCBE;&#xC97;&#xCBF;, &#xCB9;&#xCB0;&#xCBF;&#xCA6;&#xCBE;&#xCB8;&#xCB0; &#xCB8;&#xC82;&#xCB8;&#xCB0;&#xCCD;&#xC97; 
'&#xCA6;&#xCBF;&#xC82;&#xCA6; &#xCA7;&#xCA8;&#xCCD;&#xCAF;&#xCB0;&#xCBE;&#xC97;&#xCBF;, &#xCAD;&#xCC7;&#xCA6;&#xCB0;&#xCB9;&#xCBF;&#xCA4; &#xCA4;&#xCA4;&#xCCD;&#xCAA;&#xCCB;&#xCAA;&#xCBE;&#xCB8;&#xC95;&#xCB0;&#xCBE;&#xC97;&#xCBF; &#xC86;&#xCA7;&#xCCD;&#xCAF;&#xCBE;&#xCA4;&#xCCD;&#xCAE; &#xCB8;&#xCBF;&#xCA6;&#xCCD;&#xCA7;&#xCBF;&#xCAF; &#xCB6;&#xCBF;&#xC96;&#xCB0; 
&#xCB5;&#xCA8;&#xCCD;&#xCA8;&#xCC7;&#xCB0;&#xCBF;&#xCA6; &#xCAE;&#xCB9;&#xCBE;&#xCAF;&#xCCB;&#xC97;&#xCBF;, &#xCB5;&#xCC8;&#xCB0;&#xCBE;&#xC97;&#xCCD;&#xCAF; &#xCB6;&#xCBF;&#xC96;&#xCBE;&#xCAE;&#xCA3;&#xCBF;&#xCAF;&#xCB5;&#xCB0;&#xCC1;</subfield>
  </datafield>
  <datafield tag="690" ind1=" " ind2=" ">
    <subfield code="a">Kannada Poetry</subfield>
    <subfield code="9">216648</subfield>
  </datafield>
  <datafield tag="906" ind1=" " ind2=" ">
    <subfield code="a">044941</subfield>
  </datafield>
  <datafield tag="942" ind1=" " ind2=" ">
    <subfield code="2">ddc</subfield>
    <subfield code="c">BK</subfield>
  </datafield>
  <datafield tag="999" ind1=" " ind2=" ">
    <subfield code="c">94576</subfield>
    <subfield code="d">94576</subfield>
  </datafield>
  <datafield tag="952" ind1=" " ind2=" ">
    <subfield code="0">0</subfield>
    <subfield code="1">0</subfield>
    <subfield code="2">ddc</subfield>
    <subfield code="4">0</subfield>
    <subfield code="7">0</subfield>
    <subfield code="8">KAN</subfield>
    <subfield code="a">AL</subfield>
    <subfield code="b">AL</subfield>
    <subfield code="d">2021-02-17</subfield>
    <subfield code="g">5.00</subfield>
    <subfield code="l">0</subfield>
    <subfield code="o">K894.1 JAVJ</subfield>
    <subfield code="p">044941</subfield>
    <subfield code="r">2021-02-17 00:00:00</subfield>
    <subfield code="u">https://archive.org/details/gvgr.janapriyakanakas0000djav/mode/2up</subfield>
    <subfield code="w">2021-02-17</subfield>
    <subfield code="y">BK</subfield>
  </datafield>
</record>
